Welcome to the Holygrace Academy Library

Please use search bar below to get started

FAST SCIENCE FACTS (Record no. 1445)

MARC details
000 -LEADER
fixed length control field 00348nam a22001457a 4500
020 ## - INTERNATIONAL STANDARD BOOK NUMBER
ISBN 81-7371-092-9
082 ## - DEWEY DECIMAL CLASSIFICATION NUMBER
Classification number 570
Item number VER/F
100 ## - MAIN ENTRY--AUTHOR NAME
Personal name VERMA SURENDRA
245 ## - TITLE STATEMENT
Title FAST SCIENCE FACTS
250 ## - EDITION STATEMENT
Edition statement FIRST EDITION REPRINTED
260 ## - PUBLICATION, DISTRIBUTION, ETC. (IMPRINT)
Place of publication HYDERABAD
Name of publisher UNIVERSITIES PRESS
Year of publication 1999
300 ## - PHYSICAL DESCRIPTION
Number of Pages 238
650 ## - SUBJECT ADDED ENTRY--TOPICAL TERM
Topical Term SCIENCE REFERENCE
Geographic subdivision INDIA
942 ## - ADDED ENTRY ELEMENTS (KOHA)
Koha item type Books
Holdings
Withdrawn status Lost status Collection code Home library Current library Shelving location Date acquired Source of acquisition Cost, normal purchase price Full call number Accession Number Koha item type
    Reference Main Library Main Library SHELF-5 E REFERENCE BIOLOGY 10/10/2006 purchase 195.00 570 VER/F 02798 Books